| 000 | 00738nam a22002297a 4500 | ||
|---|---|---|---|
| 999 |
_c353428 _d353428 |
||
| 003 | OSt | ||
| 005 | 20180116192407.0 | ||
| 008 | 111019t2002 xxu||||| |||| 00| 0 eng d | ||
| 020 | _a0192801791 | ||
| 040 | _c0 | ||
| 082 | 0 | 4 | _a720 |
| 100 |
_aBallantyne, Andrew. _9160 |
||
| 245 | 1 | 0 |
_aArchitecture : _bA very short introduction / _cAndrew Ballantyne. |
| 260 |
_aOxford : _bOxford University Press, _c2002. |
||
| 300 |
_a134 p. : _bill. ; _c18 cm. |
||
| 490 |
_aVery short introductions _v72 |
||
| 504 | _aIncludes bibliographical references and index. | ||
| 650 |
_aArchitecture. _9161 |
||
| 830 |
_aVery short introductions _9162 |
||
| 942 |
_2ddc _cBK |
||